| 000 | 01028cad a22002175a 4500 | ||
|---|---|---|---|
| 001 | L149307 | ||
| 008 | 090720s2009 xxk 000 0 eng u | ||
| 035 | _a(Sirsi) u149307 | ||
| 041 | 0 | _aeng | |
| 100 | 1 | _aElton, Mark | |
| 245 | 0 | 2 |
_aA sustainable shop window _bWolseley's showcase of low-carbon products and technologies _h[electronic resource] |
| 260 | _c2010 | ||
| 490 | 4 |
_aThe Journal _bRICS Building Surveying Journal _vMarch/April 2010, 8-11(4) |
|
| 520 | _aA profile of Wolseley UK Ltd.'s Sustainable Building Center (SBC), a venue to showcase "green" construction solutions under one roof, in 2005, with a design partner for the project, ECD Architects. | ||
| 590 | _aKA | ||
| 651 | 4 |
_aUnited Kingdom _y |
|
| 690 | _aENVIRONMENTAL AND LAND CONSULTANCY-SUSTAINABILITY-SUSTAINABLE DEVELOPMENT | ||
| 690 | _aENVIRONMENTAL AND LAND CONSULTANCY-SUSTAINABILITY | ||
| 856 | 4 | 1 |
_uhttps://www.rics.org/site/download_feed.aspx?fileID=5880&fileExtension=PDF _zView this item (member-only access) at www.rics.org |
| 942 | _n0 | ||
| 999 |
_c82125 _d82125 |
||